Most streamed songs : Spiritbox - Statistics

General Stats
  • This quiz has been taken 13 times
  • The average score is 15 of 20
Answer Stats
Rank Number of streams Song Released on % Correct
1. 86 864 664 Circle With Me Eternal Blue
100%
17. 9 852 205 Eternal Blue Eternal Blue
100%
3. 44 158 870 Jaded The Fear of Fear
100%
11. 18 709 563 Rotoscope Rotoscope
91%
12. 17 231 144 Constance Eternal Blue
82%
2. 48 857 266 Holy Roller Eternal Blue
82%
20. 8 155 540 Holy Roller (feat. Ryo Kinoshita) Eponymous single
82%
7. 21 482 595 Yellowjacket (feat. Sam Carter of Architects) Eternal Blue
82%
4. 33 533 842 The Void The Fear of Fear
73%
6. 28 541 214 Blessed Be Eponymous single
64%
13. 13 845 929 Cellar Door The Fear of Fear
64%
9. 20 731 534 Hurt You Eternal Blue
64%
15. 10 389 364 Perfect Soul Tsunami Sea
64%
10. 19 982 343 Secret Garden Eternal Blue
64%
14. 12 174 698 Soft Spine Tsunami Sea
64%
5. 31 337 171 Sun Killer Eternal Blue
64%
16. 10 018 577 The Summit Eternal Blue
64%
19. 8 962 236 Hysteria Rotoscope
55%
8. 20 967 477 Rule Of Nines Eponymous single
55%
18. 9 345 066 Too Close, Too Late The Fear of Fear
55%
No matching quizzes found
Score Distribution
Percent of People with Each Score
Percentile by Number Answered
Your Score History
You have not taken this quiz